Clubs vainqueurs de la Coupe du Monde des Clubs. - Statistiques

Statistiques générales
  • Ce quiz a été pris 125 fois
  • Le résultat moyen est 14 sur 20
Statistiques - réponses
Hint Réponse % Correct
2014 Real Madrid
99%
2016 Real Madrid
99%
2017 Real Madrid
99%
2018 Real Madrid
99%
2022 Real Madrid
99%
2021 Chelsea
89%
2023 Manchester City
89%
2019 Liverpool
88%
2013 Bayern Munich
85%
2020 Bayern Munich
85%
2010 Inter Milan
84%
2008 Manchester United
75%
2009 FC Barcelone
74%
2011 FC Barcelone
74%
2015 FC Barcelone
74%
2007 AC Milan
66%
2005 São Paulo
18%
2000 SC Corinthians
7%
2012 SC Corinthians
7%
2006 SC Internacional
2%
Aucun quiz correspondant
Distribution des résultats
% des personnes avec chaque résultat
Percentile par nombre de réponses
Votre historique - résultats
Vous n’avez pas pris ce quiz